[Event "YUG-ch playoff"]
[Site "Kladovo"]
[Date "1990.??.??"]
[Round "1"]
[White "Kozul, Zdenko"]
[Black "Damljanovic, Branko"]
[Result "1-0"]
[WhiteElo "2575"]
[BlackElo "2535"]
[Annotator "Ftacnik,L"]
[PlyCount "63"]
[EventDate "1990.04.??"]
[EventType "match"]
[EventRounds "3"]
[EventCountry "YUG"]
[SourceTitle "CBM 018"]
[Source "ChessBase"]
[SourceDate "1990.10.01"]
[SourceVersion "1"]
[SourceVersionDate "1990.10.01"]
[SourceQuality "1"]

1. d4 d5 2. Nf3 Nf6 3. c4 dxc4 4. e3 e6 5. Bxc4 c5 6. O-O a6 7. a3 b5 8. Ba2
Bb7 9. Nc3 Be7 10. Qe2 Nbd7 11. Rd1 Qb8 {N} (11... cxd4 12. exd4 Nb6 13. Bg5
O-O 14. Rac1 Nbd5 $10 {Miles,A-Ribli,Z/Riga izt/1979/}) 12. e4 cxd4 13. Nxd4
Bd6 (13... O-O 14. Nxe6 $1) 14. g3 O-O 15. f3 (15. Nxe6 fxe6 16. Bxe6+ Kh8 17.
Bxd7 Nxd7 18. Qd3 Qa7 19. Be3 Bc5 20. Qxd7 Bxe3 $19) 15... Re8 16. Be3 Bc7 (
16... h5 17. Rac1 h4 $132) 17. Rac1 h5 18. b4 Nf8 (18... h4 19. g4 Nf8 20. a4
$1) 19. a4 $1 h4 20. g4 bxa4 21. Nxa4 Bf4 (21... Ng6 22. Nc5 Nf4 $5) 22. Nc5
Ng6 23. Bxf4 Nxf4 24. Qd2 g5 (24... Ra7 25. Nxb7 Rxb7 26. Nc6 Qc7 27. Na5 Qb6+
28. Kh1 Nh3 29. Nxb7 Nf2+ 30. Kg2 Nxd1 31. Nc5 $18) 25. Ne2 $1 Nxe2+ (25... e5
26. Nxf4 gxf4 27. Qd6 $1 $18) 26. Qxe2 Bc6 $2 (26... Bc8 $16) 27. Qd2 Qf4 28.
Nxe6 $1 fxe6 (28... Qxd2 29. Rxd2 Bxe4 30. Nxg5 Bg6 31. Rc7 Rf8 32. Rd6 $18)
29. Qxf4 gxf4 30. Rxc6 Kf7 31. g5 Nh7 32. Rd7+ {Ftacnik,L} 1-0

[Event "FIDE-Wch k.o."]
[Site "New Delhi/Teheran"]
[Date "2000.12.09"]
[Round "5.1"]
[White "Bareev, Evgeny"]
[Black "Shirov, Alexei"]
[Result "1-0"]
[WhiteElo "2702"]
[BlackElo "2746"]
[Annotator "Ftacnik,L"]
[PlyCount "81"]
[EventDate "2000.11.27"]
[EventType "k.o."]
[EventRounds "7"]
[EventCountry "IND"]
[SourceTitle "CBM 080"]
[Source "ChessBase"]
[SourceDate "2001.01.25"]
[SourceVersion "1"]
[SourceVersionDate "2001.01.25"]
[SourceQuality "1"]

1. d4 d5 2. Nf3 Nf6 3. c4 dxc4 4. e3 e6 5. Bxc4 c5 6. O-O a6 7. dxc5 Qxd1 8.
Rxd1 Bxc5 9. Nbd2 b6 10. Be2 Bb7 11. Nc4 Nbd7 12. Nd4 $5 {[%mdl 4] Interesting
novelty in a well known position, equalizing is not so easy for black.} O-O 13.
Nb3 Be7 14. f3 a5 (14... Rfd8 15. e4 Rac8 16. Be3 b5 17. Nd6 $14) 15. e4 a4 16.
Nd4 Bc5 (16... e5 17. Nf5 Bc5+ 18. Kf1 $14) 17. Be3 Rfd8 18. Kf2 Kf8 19. Nb5
Ke7 (19... Bxe3+ 20. Kxe3 Bc6 21. Nd4 Bb7 22. Rac1 $14) 20. Bxc5+ bxc5 (20...
Nxc5 21. Nxb6 Rab8 22. Rxd8 Rxd8 23. Rc1 $16) 21. Nc3 Ba6 (21... e5 22. Rac1
$14) 22. Rac1 Bxc4 (22... Rab8 23. Nxa4 Bb5 24. b3 $16) 23. Bxc4 Ne5 (23... a3
24. b3 $14) 24. Be2 (24. Rxd8 Kxd8 (24... Rxd8 25. Nxa4 Rd4 26. b3 Rd2+ 27. Kf1
Nfd7 $14) 25. Be2 g5 26. g3 $14) 24... Rdb8 25. Rd2 (25. f4 Ng6 $1 26. e5 Ne8
27. Rd2 Nxf4 28. Ne4 $11) 25... g5 26. g3 {Shirov can fall back on active
pieces, but the weakness of c5 pawn and white squared bishop turn white into
slight favourite.} c4 27. Ke3 a3 (27... h5 28. h3 $14) 28. Rb1 (28. bxa3 Rxa3
29. h3 Rg8 30. Rd4 Nh5 31. g4 Nf4 32. Bxc4 Nxh3 33. Bb3 $14) 28... axb2 (28...
h5 29. bxa3 Rxb1 30. Nxb1 Ra4 31. Rb2 $16) 29. Rbxb2 Rxb2 (29... h5 30. Rxb8
Rxb8 31. h3 $14) 30. Rxb2 Ra3 31. Rb7+ Kd6 (31... Nfd7 32. Kd4 f6 33. h3 $14)
32. Kd2 (32. Kd4 Nc6+ 33. Kxc4 Na5+ 34. Kb4 Rxc3 35. Rxf7 Rc2 36. Bb5 Ke5 37.
f4+ gxf4 38. gxf4+ Kxe4 39. Rxf6 Rb2+ 40. Kxa5 Rxa2+ 41. Kb6 Rxh2 42. Bc6+ Ke3
$14) 32... Kc5 (32... Kc6 33. Rb8 Kc5 34. f4 Nc6 35. Rc8 $14) 33. f4 $1 {
Th eadvance of f pawn comes at the very unpleasant moment for black.} gxf4 34.
gxf4 Rxc3 (34... Nc6 35. Rxf7 Rxc3 36. Kxc3 Nxe4+ 37. Kb2 c3+ 38. Kc1 $18) 35.
Kxc3 (35. fxe5 $2 Nxe4+ 36. Kd1 Rh3 $19) 35... Nxe4+ 36. Kb2 Nc6 37. Rxf7 c3+
38. Kc1 Nb4 (38... Nd4 39. Bd3 Nf2 40. Bxh7 $18) 39. Rc7+ Kd5 (39... Kd6 40.
Rc4 Nxa2+ 41. Kb1 Nd2+ 42. Kxa2 Nxc4 43. Bxc4 e5 44. f5 e4 45. Kb3 Ke5 46. Be6
$18) 40. a3 Nc6 (40... Na2+ 41. Kb1 Kd6 42. Rxh7 c2+ 43. Kxc2 Nac3 44. Bf3 $18)
41. Bf3 (41. Bf3 Kd6 (41... Nd4 42. Rd7+ $18) 42. Rxc6+ Kxc6 43. Bxe4+ $18) 1-0

[Event "URS-sf Russia-ch"]
[Site "Gorky"]
[Date "1989.??.??"]
[Round "?"]
[White "Dreev, Alexey"]
[Black "Kuporosov, Viktor"]
[Result "1-0"]
[WhiteElo "2570"]
[BlackElo "2445"]
[Annotator "Ftacnik,L"]
[PlyCount "119"]
[EventDate "1989.11.??"]
[EventType "tourn"]
[EventRounds "13"]
[EventCountry "URS"]
[EventCategory "7"]
[SourceTitle "CBM 016"]
[Source "ChessBase"]
[SourceDate "1990.06.01"]
[SourceVersion "1"]
[SourceVersionDate "1990.06.01"]
[SourceQuality "1"]

1. d4 d5 2. c4 dxc4 3. Nf3 Nf6 4. e3 e6 5. Bxc4 c5 6. O-O a6 7. Bd3 Nbd7 8. a4
b6 9. Nc3 (9. Qe2 Bb7 10. Rd1 Qc7 11. h3 Be7 12. Nc3 O-O 13. Bd2 Bd6 14. Rac1
e5 15. Bb1 Rfe8 16. dxc5 Nxc5 17. Ba2 Qe7 18. e4 Ncxe4 19. Ng5 Nxg5 20. Bxg5 e4
{1/4-1/4/Eingorn,V-Ehlvest,J/URS-55ch Moscow/1988/ -> CBM 09}) 9... Bb7 10. Qe2
Bd6 11. Bd2 O-O 12. Rfd1 Qc7 13. h3 h6 14. Rac1 Rfe8 15. Be1 e5 16. dxc5 Nxc5
17. Bc4 e4 18. Nd4 Bf8 (18... Bh2+ 19. Kh1 Be5 20. b4 Bxd4 $13) 19. b4 Nd3 (
19... Ncd7 20. Nd5 $36) 20. Bxd3 exd3 21. Qxd3 Qe5 22. Nce2 Qg5 23. Nc6 Rac8
24. Ned4 Qd5 25. Qc4 (25. b5 axb5 26. axb5 Bc5 $44) 25... Qg5 26. b5 axb5 27.
axb5 Ne4 28. Nf3 (28. Qe2 $5) 28... Qg6 29. Rd7 $6 Nc5 $1 30. Rdd1 Bxc6 31.
bxc6 Qxc6 32. Rb1 Ne4 33. Qxc6 Rxc6 34. Nd4 Rf6 35. f3 Nd6 36. Bh4 Rg6 37. e4
Nc4 38. Nf5 Rge6 39. Bf2 g6 40. Nd4 Rd6 41. Rdc1 Rc8 42. Rc2 Rdd8 43. Rbc1 Ba3
44. Rb1 Kg7 45. Rb3 Bf8 46. Rbc3 Nd6 47. Nc6 Nb5 48. Nxd8 Nxc3 49. Bxb6 Rb8 50.
Bc7 Rb1+ 51. Kh2 Nb5 52. Be5+ Kg8 53. Rc8 Na7 54. Ra8 Nb5 55. Nc6 f5 56. Ne7+
Kf7 57. Nxg6 Kxg6 58. Rxf8 fxe4 59. f4 Rf1 60. g4 {Ftacnik} 1-0

[Event "Belgrade Investbank"]
[Site "Belgrade"]
[Date "1989.11.??"]
[Round "2"]
[White "Agdestein, Simen"]
[Black "Ehlvest, Jaan"]
[Result "1/2-1/2"]
[WhiteElo "2605"]
[BlackElo "2620"]
[Annotator "Ftacnik,L"]
[PlyCount "86"]
[EventDate "1989.11.??"]
[EventType "tourn"]
[EventRounds "11"]
[EventCountry "YUG"]
[EventCategory "15"]
[SourceTitle "CBM 016"]
[Source "ChessBase"]
[SourceDate "1990.06.01"]
[SourceVersion "1"]
[SourceVersionDate "1990.06.01"]
[SourceQuality "1"]

1. d4 d5 2. c4 dxc4 3. Nf3 a6 4. e3 Nf6 5. Bxc4 e6 6. O-O c5 7. b3 b5 {N} 8.
Be2 Nbd7 9. Bb2 Bb7 10. a4 bxa4 $1 11. Rxa4 Be7 12. Nbd2 Nb6 13. Ra5 $6 (13.
Ra1 $5) 13... cxd4 14. Bxd4 Nbd5 15. Qa1 O-O 16. Rc1 Nb4 17. Nc4 Rc8 18. Nfe5
Nfd5 19. Ra4 f6 20. Nd3 Bc6 (20... Nxd3 21. Bxd3 e5 22. Qb1 $3 (22. Bb2 Nb6 $1)
22... exd4 23. Bxh7+ Kh8 24. Qf5 g5 25. Qg6 $44 {Ehlvest}) 21. Nxb4 Nxb4 22.
Ra5 Bb5 $15 23. Bg4 f5 24. Bf3 Bf6 25. Bxf6 Qxf6 26. Qxf6 gxf6 27. Raa1 Nd3 28.
Rcb1 Bxc4 29. bxc4 Nc5 30. Rb6 Rb8 31. Rc6 Rfc8 32. Rd6 Kf7 33. Bd1 Rb4 34. Rd4
Rc7 35. Kf1 Rb2 36. f3 Ke7 37. Ra5 Rb1 38. Ke2 Rb2+ 39. Kf1 h6 40. Ra3 Kf7 41.
Ra5 Ke7 42. Rh4 Rd7 43. Rd4 Rc7 {Ftacnik} 1/2-1/2

[Event "Leon"]
[Site "Leon"]
[Date "1990.??.??"]
[Round "6"]
[White "Bass, Leonid"]
[Black "Magem Badals, Jordi"]
[Result "1-0"]
[WhiteElo "2485"]
[BlackElo "2460"]
[Annotator "Ftacnik,L"]
[PlyCount "69"]
[EventDate "1990.06.??"]
[EventType "tourn"]
[EventRounds "11"]
[EventCountry "ESP"]
[EventCategory "9"]
[SourceTitle "CBM 020"]
[Source "ChessBase"]
[SourceDate "1991.02.01"]
[SourceVersion "1"]
[SourceVersionDate "1991.02.01"]
[SourceQuality "1"]

1. d4 d5 2. c4 dxc4 3. Nf3 Nf6 4. e3 e6 5. Bxc4 c5 6. O-O a6 7. Bd3 cxd4 8.
exd4 Nc6 9. Nc3 Nb4 (9... Be7 10. Bg5 O-O 11. Rc1 Qa5 12. Ne4 Nxe4 13. Bxe7
Nxe7 14. Bxe4 Nd5 $14 {Moskalenko,V-Baburin,A/Leningrad chT/1989/}) 10. Bb1 Be7
11. Ne5 O-O 12. Bg5 Bd7 (12... Nfd5 13. Bxe7 Nxe7 14. a3 Nbd5 15. Qd3 $14) 13.
a3 Nbd5 14. Qd3 g6 15. Ba2 Bc6 16. Rfe1 Qd6 (16... Rc8 17. Qh3 b5 18. Bh6 Re8
19. Nxf7 $1 $18) 17. Qh3 $1 Rac8 18. Bxf6 Bxf6 (18... Nxf6 19. Nxf7 $1 Rxf7 20.
Rxe6 Qd7 (20... Bd7 21. Rxd6 Bxh3 22. Rxf6 Bxf6 23. gxh3 Bxd4 24. Ne4 $16) 21.
Rxe7 Qxh3 22. gxh3 $18) 19. Ne4 Qd8 20. Bxd5 exd5 (20... Bxd5 21. Nxf6+ Qxf6
22. Nd7 $18) 21. Nxf6+ Qxf6 22. Qg3 Rfd8 23. h4 Be8 24. Rad1 Qd6 25. Qf3 f6 (
25... Rc2 26. Rb1) 26. Ng4 Rc6 (26... Kg7 27. h5 $40) 27. Rc1 h5 (27... Rxc1
28. Nxf6+ Kg7 29. Nxe8+ Rxe8 30. Rxc1) 28. Rxc6 Bxc6 29. Nxf6+ Kg7 30. Nh7 $1
Bd7 (30... Kxh7 31. Qf7+ Kh6 32. Re7 $18) 31. Ng5 Rf8 32. Qe3 Re8 33. Qd2 Rc8
34. Re5 Bf5 35. Qa5 {Ftacnik,L} 1-0

[Event "Malmo"]
[Site "Malmo"]
[Date "1993.??.??"]
[Round "9"]
[White "Hansen, Lars Bo"]
[Black "Brynell, Stellan"]
[Result "1-0"]
[WhiteElo "2545"]
[BlackElo "2465"]
[Annotator "Ftacnik,L"]
[PlyCount "67"]
[EventDate "1993.06.??"]
[EventType "tourn"]
[EventRounds "9"]
[EventCountry "SWE"]
[EventCategory "11"]
[SourceTitle "CBM 036"]
[Source "ChessBase"]
[SourceDate "1993.10.01"]
[SourceVersion "1"]
[SourceVersionDate "1993.10.01"]
[SourceQuality "1"]

1. d4 d5 2. c4 dxc4 3. Nf3 Nf6 4. e3 a6 5. Bxc4 e6 6. O-O c5 7. Bd3 Nbd7 8. Qe2
Qc7 (8... b5 9. a4 $1 $14) (8... b6 9. Rd1 Bb7 10. e4 $5 cxd4 11. Nxd4 Bd6 12.
Nc3 O-O 13. f4 Bc5 14. Be3 e5 $1 15. Nb3 (15. Nf5 $2 Qc7 $1) 15... Bxe3+ 16.
Qxe3 exf4 17. Qxf4 Qb8 {Goldin,A-Ehlvest,J/New York/1993/}) 9. Nc3 (9. Nbd2 b6
(9... Be7 10. b3 cxd4 11. exd4 O-O 12. Ne4 b6 13. Bg5 Bb7 14. Rac1 Qd8 15. h4
h6 16. Nxf6+ Bxf6 17. Be3 e5 18. Bb1 Re8 19. dxe5 Nxe5 20. Nxe5 Bxe5 {0,5/
Kurajica,B-Kramnik,V/Debrecen EU-chT (03)/1992/}) 10. e4 (10. Re1 $5 Bb7 11.
Nf1 Be7 12. Bd2 Ne4 $1 13. Rac1 Qb8 14. Bc3 O-O 15. Bxe4 $5 Bxe4 16. Ng3 Bb7
17. e4 cxd4 18. Bxd4 Rc8 19. Bc3 Rc7 20. Qe3 Bf8 21. Nh5 $6 Rc5 $1 22. Red1 $2
Qe8 $1 23. Ng3 Rac8 $17 {Salov,V-Kamsky,G/Dortmund/1992/0.5 (63)}) 10... cxd4
11. e5 Nd5 12. Nb3 Nc5 13. Nbxd4 Nxd3 14. Qxd3 Bb7 15. Bg5 h6 16. Bd2 Qd7 17.
Rac1 Be7 18. h3 O-O 19. Qe4 Rfc8 20. Qg4 Rxc1 21. Bxc1 Kf8 22. Qe4 Ke8 23. Qh7
Bf8 24. Bd2 {Dizdar,G-Zaltsman,V/New York op (9)/1989/0-1 (43)}) (9. Rd1 b6 10.
Nc3 Bb7 11. Bd2 Bd6 12. Rac1 Qb8 13. h3 h6 {0,5/Serper,G-Sherbakov,R/Helsinki
op (06)/1992/}) 9... b6 10. Bd2 Bb7 11. Rac1 Qb8 $2 (11... Be7) (11... Bd6 12.
e4 e5 (12... cxd4 $2 13. Nb5 Qb8 14. Nxd6+ Qxd6 15. e5 $18)) 12. Ng5 $1 Bd6 (
12... h6 13. Nge4 Be7 14. f4 $36) 13. f4 O-O (13... cxd4 14. exd4 O-O 15. Kh1
$14) 14. Kh1 cxd4 15. exd4 Re8 (15... h6 16. Nge4 Be7 17. f5 $40) 16. Bc4 b5
17. Bb3 Re7 $1 (17... h6 18. Nge4 (18. Nxf7 Kxf7 19. f5 Bd5 20. fxe6+ Bxe6 21.
d5 $140 Bf5) 18... b4 19. Nxf6+ Nxf6 20. Na4 $14) 18. f5 e5 (18... exf5 19.
Bxf7+ Kh8 (19... Rxf7 20. Qe6 Qe8 21. Qxd6 Re7 22. Rxf5 $14) (19... Kf8 20. Be6
b4 $13) 20. Be6 b4 21. Na4 Bd5 22. Rxf5 $14) 19. d5 e4 (19... b4 20. Nce4 Bxd5
21. Bxd5 Nxd5 22. Rc6 Bc7 23. f6 (23. Rxa6 $14) 23... N7xf6 24. Nxf6+ Nxf6 25.
Rcxf6 gxf6 26. Qh5 fxg5 27. Bxg5 Qb5 $1) 20. Ncxe4 h6 $2 (20... Bxd5 $1 21.
Bxd5 Nxd5 22. Qd3 N7f6 23. Rfe1 $14) (20... Nxd5 21. Qh5 $5 N7f6 22. Nxf6+ Nxf6
23. Bxf7+ Kf8 24. Nxh7+ Nxh7 25. f6 $1 Nxf6 26. Rxf6 $18) 21. Ne6 $1 $8 Nxe4 (
21... fxe6 22. fxe6 $1 (22. dxe6 $2 Nxe4 23. exd7+ (23. Rc8+ Qxc8 24. exd7+ Qc4
$17) 23... Kh7 24. Rc8 Ng3+ 25. hxg3 Rxe2 26. Bg8+ Kh8 27. Bc4+ Bf8 (27... Qxc8
28. dxc8=Q+ Rxc8 29. Bxe2 Rc2 30. Rd1 $17) 28. Rxb8 Bxg2+ 29. Kg1 Rxd2 30. d8=Q
Rxd8 31. Rxd8 Rxd8 32. Kxg2 bxc4 $19)) (21... Nxd5 22. Nxg7 $1 $40) 22. Qxe4
Nf6 (22... fxe6 23. fxe6 Nc5 (23... Nf6 24. Rxf6 $1 gxf6 25. Bxh6 Qe8 26. Rc3
Rc8 27. Qg4+ Kh7 28. Rh3 $18) (23... Nf8 24. Bc2 Qa7 25. Rxf8+ Kxf8 26. Rf1+
Ke8 27. Qg6+ Kd8 28. Ba5+ $18) 24. Qg6 (24. Qf5 Nxb3 25. axb3 Bxh2 $15) 24...
Qe8 (24... Nxb3 $2 25. Rf7 Rxf7 26. exf7+ Kh8 (26... Kf8 27. Bc3 $18) 27. Bxh6
$18) 25. Rf7 Rxf7 26. exf7+ Qxf7 27. Qxd6 Nxb3 28. axb3 Qxd5 $10) 23. Qd3 fxe6
24. fxe6 Qe8 $6 (24... Bxh2 25. Bxh6 Be5 26. Bg5 $36) 25. Bf4 Rd8 $2 (25... Qd8
26. Bxh6 $13) 26. Bxd6 Rxd6 27. Rxf6 Kh8 (27... gxf6 28. Qg3+ Kh8 29. Qxd6 $18)
28. Rff1 Rexe6 29. Bc2 Rg6 (29... Qg8 30. Rf8 $18) 30. Rce1 Qd7 (30... Qd8 31.
Qxg6 Rxg6 32. Bxg6 $18) 31. Qxg6 Rxg6 32. Bxg6 Bxd5 33. Rf8+ Bg8 34. Rxg8+ $1 (
34. Rxg8+ Kxg8 35. Re8+ $18) 1-0

[Event "Budapest FS10 GM"]
[Site "Budapest"]
[Date "1993.??.??"]
[Round "1"]
[White "Avrukh, Boris"]
[Black "Sadler, Matthew D"]
[Result "1/2-1/2"]
[WhiteElo "2440"]
[BlackElo "2535"]
[Annotator "Ftacnik,L"]
[PlyCount "43"]
[EventDate "1993.10.??"]
[EventType "tourn"]
[EventRounds "11"]
[EventCountry "HUN"]
[EventCategory "9"]
[SourceTitle "CBM 038"]
[Source "ChessBase"]
[SourceDate "1994.02.01"]
[SourceVersion "1"]
[SourceVersionDate "1994.02.01"]
[SourceQuality "1"]

1. d4 d5 2. c4 dxc4 3. e3 Nf6 4. Bxc4 e6 5. Nf3 a6 6. a4 c5 7. O-O Nc6 8. Qe2
cxd4 9. Rd1 Be7 10. exd4 O-O 11. Nc3 Nd5 12. Bd3 Ncb4 13. Bb1 b6 14. Ne5 Bb7
15. Ra3 (15. Qe4 f5 16. Qe2 Bf6 17. Bd2 Re8 18. Nf3 Rc8 19. Nxd5 exd5 20. Ne5
Nc6 21. Bc3 g6 22. f4 Bg7 23. Bd3 a5 24. Bb5 Re6 25. Re1 Na7 26. Bd3 $14 {
Silman,J-Computer BP/Chicago National op (3)/1991/0.5 (43)}) (15. Ne4 Rc8 16.
Ra3 f5 17. Nc3 (17. Ng3 $6 Rxc1 $3 18. Rxc1 Nf4 19. Qc4 Bxg2 20. f3 b5 $1 $17
21. axb5 axb5 22. Qc3 $8 Nbd5 23. Qa5 $1 Ne3 $5 24. Kf2 $1 $8 Qxd4 25. Rxe3
Qxb2+ $6 26. Rc2 $13 {Naumkin,I-Sadler,M/London/1991/0.5 (53)}) 17... Nc2 (
17... Nxc3 18. Rxc3 Qd5 19. Nf3 Bc6 20. Re1 Bf6 21. Bd2 Rce8 22. a5 Bb5 23. Qd1
bxa5 24. Rc5 Qd6 25. Qb3 Nc6 26. Rxf5 $13 {Sinadinovic,A-Sulava,N/Belgrade
GMA-op/1988/0.5 (58)}) 18. Rb3 Na1 19. Nxd5 Nxb3 20. Nxe7+ Qxe7 21. Be3 Bd5 22.
Qxa6 Ra8 23. Qb5 f4 24. Qd3 g6 25. Bd2 Nxd2 26. Qxd2 $17 {Barlov,D-Djukic,Z/
JUG-ch (03)/1991/0-1 (45)}) 15... Rc8 16. Bxh7+ $5 (16. a5 b5 17. Ne4 f5 18.
Nc5 Bxc5 19. dxc5 Rxc5 20. Rg3 Rc7 21. Bg5 Qc8 22. Qh5 Qe8 23. Qh4 Nc6 24. Nf3
Nb8 25. Rh3 Nf6 26. Bxf6 $15 {Gligoric,S-Portisch,L/Pula/1971/0-1 (39)}) (16.
Nxd5 Qxd5 17. Rg3 Bf6 18. Bg5 Bxg5 19. Rxg5 f5 20. h4 Nc6 21. Nf3 Rc7 22. Re1
Bc8 23. Qd2 Rd8 24. Be4 Qa5 25. Qxa5 Nxa5 26. Bb1 $15 {Tregubov,P-Salakhova,G/
Czestochowa op (01)/1992/0.5 (44)}) 16... Kxh7 17. Nxd5 Qxd5 18. Qh5+ Kg8 19.
Rg3 Rxc1 20. Rxg7+ $6 (20. Rxc1 Bd6 (20... a5 $5) 21. Qg4 Bxe5 22. dxe5 g6 23.
Qxb4 Rd8 24. h3 Qxe5 25. Qxb6 Rd7 26. b4 $16 {Mirkovic,S-Djukic,Z/JUG-ch
Kladovo (11)/1992/1-0 (32)}) 20... Kxg7 21. Qg4+ Kh6 22. Qh3+ 1/2-1/2

[Event "RUS-ch"]
[Site "Elista"]
[Date "1996.??.??"]
[Round "6"]
[White "Bareev, Evgeny"]
[Black "Yakovich, Yuri"]
[Result "1-0"]
[WhiteElo "2655"]
[BlackElo "2530"]
[Annotator "Ftacnik,L"]
[PlyCount "97"]
[EventDate "1996.10.15"]
[EventType "swiss"]
[EventRounds "11"]
[EventCountry "RUS"]
[SourceTitle "CBM 056"]
[Source "ChessBase"]
[SourceDate "1997.02.01"]
[SourceVersion "1"]
[SourceVersionDate "1997.02.01"]
[SourceQuality "1"]

1. d4 d5 2. Nf3 Nf6 3. c4 dxc4 4. e3 e6 5. Bxc4 c5 6. O-O a6 7. dxc5 Qxd1 8.
Rxd1 Bxc5 9. b3 b6 (9... b5 10. Be2 Bb7 11. Bb2 Nbd7 12. Nbd2 O-O 13. a4 (13.
Rac1 Rfc8 14. h3 Kf8 15. Kf1 Ke7 16. Ne1 Bd6 17. a4 Bc6 (17... bxa4 $5 18. Nc4
Bb4 19. Nd3 a5 20. bxa4 Bc6 21. Ra1 Bd5 $13) 18. axb5 axb5 19. Rc2 Rc7 20. Rdc1
Rac8 21. Bf3 Bxf3 22. Ndxf3 e5 {1/2-1/2 Spassky,B-Fischer,R/S.Stefan/Beograd 
(m14) 55/399 1992 (32)}) 13... bxa4 14. Rxa4 Nb6 15. Raa1 a5 16. Nc4 Nxc4 17.
Bxc4 Bxf3 18. gxf3 Bb4 19. f4 Rfd8 20. Kg2 Ne4 {1/2-1/2 Spassky,B-Portisch,L/
Turin (14) ;MCD-r8 1982}) 10. Bb2 Bb7 (10... Nbd7 11. a3 (11. Nc3 Bb7 12. Rac1
Be7 $5 13. Nd4 $1 Rc8 14. f3 $6 b5 15. Be2 Bc5 $1 16. Kf1 Ke7 17. e4 g5 $1 18.
Nb1 $1 g4 $6 (18... Bd6 $1 19. Kg1 h5 $5) 19. Ba3 {Spassky,B-Fischer,R/S.
Stefan/Beograd (m4) 55/397 1992/1-0 (50)}) 11... Ke7 12. Nbd2 Bb7 13. Rac1 {
1/2-1/2 Eperjesi,L-Estrada Nieto,J/Budapest FS11 IM-B (06) ;EXP 50 1995}) 11.
Ne5 (11. Nbd2 Nbd7 12. Rac1 Ke7 {1/2-1/2 Petrosian,A-Mikhalchishin,A/Lvov (01)
;EXP 50 1995}) 11... Nc6 12. Nxc6 Bxc6 13. Nc3 (13. Ba3 Bxa3 14. Nxa3 Ke7 $10)
13... b5 (13... a5 14. Nb5 $14) 14. Bf1 O-O 15. Rac1 Rfc8 16. Ne2 (16. Na4 Ba7
17. Bxf6 gxf6 18. Nc5 Bf3 $1 19. gxf3 Rxc5 20. Rxc5 Bxc5 $10) 16... Be7 17. Nd4
Bd7 18. g3 Rxc1 19. Rxc1 Rc8 20. Rxc8+ Bxc8 21. Bg2 Kf8 22. Nc6 Bc5 (22... Ke8
$6 23. Nxe7 Kxe7 24. Bc3 $14) 23. b4 Bb6 24. Na5 Ke7 (24... Bxa5 25. bxa5 Ke7
26. Kf1 $14) 25. Kf1 Kd6 26. Nb7+ Ke7 {Black has to be careful, but his only
weakness is Pa6. Schwarz muß vorsichtig vorgehen, aber seine einzige Schwäche
ist Pa6.} (26... Kc7 27. Be5+ Kd7 $14) 27. a3 Ne8 28. Ke2 f6 29. Bc3 Nd6 30.
Nxd6 (30. Nc5 Nc4 {xa3}) 30... Kxd6 31. f4 Bd7 32. Bb7 Kc7 33. Be4 (33. Bxa6
Ba7 34. a4 bxa4 35. Bd3 h6 $10) 33... h6 34. g4 Bc6 35. Bxc6 Kxc6 36. e4 Bd8
37. Kf3 $6 (37. h4 $1 g6 38. h5 gxh5 39. gxh5 Kd7 40. f5 $14) 37... Kd6 $2 (
37... g5 $1 38. fxg5 (38. e5 fxe5 39. Bxe5 Kd5 $15) 38... hxg5 $10) 38. e5+ $1
Kd5 (38... fxe5 39. Bxe5+ Kd5 40. Bxg7 $18) (38... Ke7 39. exf6+ gxf6 40. Ke4
$16) 39. exf6 gxf6 (39... Bxf6 40. Bxf6 gxf6 41. h4 e5 42. g5 e4+ (42... fxg5
43. fxg5 hxg5 44. hxg5 Kd6 45. Ke4 Ke6 46. g6 Kf6 47. g7 Kxg7 48. Kxe5 $18) 43.
Ke3 fxg5 44. fxg5 hxg5 45. hxg5 Ke5 46. g6 Kf6 47. Kxe4 Kxg6 48. Kd5 $18) 40.
h4 {The pawn which will potentially run towards h8 is more important, than the
weakness of Pa3.  Der Bauer mit Laufchance nach h8 ist wichtiger als die
Schwache von Pa3.} Kc4 41. Bb2 Kd3 (41... Kb3 42. Bc1 Kc2 43. Be3 Kb3 (43...
Kb2 44. g5 fxg5 (44... hxg5 45. fxg5 fxg5 46. Bxg5) 45. fxg5 hxg5 46. Bxg5 Bc7
47. Bf6+ Kxa3 48. h5 $18) 44. g5 fxg5 45. fxg5 hxg5 46. Bxg5 Bc7 47. Bf6 Bd6
48. Bg7 Be7 49. h5 Bg5 50. h6 Bxh6 51. Bxh6 Kxa3 52. Bd2 $18) 42. g5 $1 fxg5 (
42... hxg5 43. fxg5 fxg5 44. h5 $18) 43. fxg5 Bxg5 (43... hxg5 44. h5 e5 45.
Bxe5 $18) 44. hxg5 hxg5 45. Bf6 Kc4 46. Bxg5 a5 (46... Kb3 47. Bd8 Kxa3 48. Ba5
$18) 47. bxa5 Kd5 48. a6 Kc6 49. Bd8 (49. Bd8 e5 50. Ke4 $18) 1-0